Microsoft Visual Basic 2008 step by step / (Record no. 2350)

MARC details
000 -LEADER
fixed length control field 00663nam a2200205 a 4500
001 - CONTROL NUMBER
control field 2352
005 - DATE AND TIME OF LATEST TRANSACTION
control field 20221127090424.0
008 - FIXED-LENGTH DATA ELEMENTS--GENERAL INFORMATION
fixed length control field 101228s lxxua | 00100 eng d
020 ## - INTERNATIONAL STANDARD BOOK NUMBER
International Standard Book Number 9780735625372(pbk) :
Terms of availability SR188.00
082 04 - DEWEY DECIMAL CLASSIFICATION NUMBER
Classification number 005.2768
Item number H169 2008
100 1# - MAIN ENTRY--PERSONAL NAME
Personal name Halvorson, Michael.
245 10 - TITLE STATEMENT
Title Microsoft Visual Basic 2008 step by step /
Statement of responsibility, etc. Michael Halvorson.
260 ## - PUBLICATION, DISTRIBUTION, ETC.
Place of publication, distribution, etc. Redmond, WA :
Name of publisher, distributor, etc. Microsoft Press,
Date of publication, distribution, etc. 2008.
300 ## - PHYSICAL DESCRIPTION
Extent xxx, 544 p. :
Other physical details ill. ;
Dimensions 23 cm.
Accompanying material 2 CD.
504 ## - BIBLIOGRAPHY, ETC. NOTE
Bibliography, etc. note Includes bibl. references and index.
650 #4 - SUBJECT ADDED ENTRY--TOPICAL TERM
Topical term or geographic name entry element Microsoft Visual BASIC.
650 #4 - SUBJECT ADDED ENTRY--TOPICAL TERM
Topical term or geographic name entry element BASIC(Computer program language).
650 #4 - SUBJECT ADDED ENTRY--TOPICAL TERM
Topical term or geographic name entry element Microsoft.
650 #4 - SUBJECT ADDED ENTRY--TOPICAL TERM
Topical term or geographic name entry element Web sites
General subdivision Design.
Holdings
Withdrawn status Lost status Source of classification or shelving scheme Damaged status Not for loan Home library Current library Date acquired Total Checkouts Full call number Barcode Date last seen Copy number Price effective from Koha item type
              11/27/2022   005.2768 H169 2008 1000000009770 11/27/2022 C2 11/27/2022 Book
              11/27/2022   005.2768 H169 2008 1000000009736 11/27/2022 C3 11/27/2022 CD
          CENTRAL CENTRAL 11/27/2022   005.2768 H169 2008 1000000003416 11/27/2022 C1 11/27/2022 Book
          CENTRAL CENTRAL 11/27/2022   005.2768 H169 2008 1000000007929 11/27/2022 C4 11/27/2022 CD